[Event "Michigan Senior Reserve"]
[Site "Flint"]
[Date "2005.06.12"]
[Round "4"]
[White "Brown, Ralph"]
[Black "Mazuchowski, Tom"]
[Result "0-1"]
[WhiteElo "1639"]
[BlackElo "2021"]
[PlyCount "30"]
[EventDate "2005.06.11"]
[EventType "swiss"]
[EventRounds "4"]
[EventCountry "USA"]
[SourceTitle "EXT 2007"]
[Source "ChessBase"]
[SourceDate "2006.11.23"]
[SourceVersion "1"]
[SourceVersionDate "2006.11.23"]
[SourceQuality "1"]

1. d4 Nf6 2. c4 e5 3. dxe5 Ne4 4. Nf3 Bb4+ 5. Bd2 Nxd2 6. Nbxd2 Nc6 7. a3 Bf8 8. Ne4 Qe7 9. Qd5 b6 10. Rd1 Bb7 11. Nfg5 0-0-0 12. f4 f6 13. Nf7 Nxe5 14. Ned6+ cxd6 15. Nxd6+ Qxd6 0-1

[Event "Michigan Senior"]
[Site "Flint"]
[Date "2004.06.13"]
[Round "3"]
[White "Brown, Ralph"]
[Black "Grzegorczyk, Ron"]
[Result "1-0"]
[WhiteElo "1654"]
[BlackElo "1617"]
[PlyCount "54"]
[EventDate "2004.06.12"]
[EventType "swiss"]
[EventRounds "4"]
[EventCountry "USA"]
[SourceTitle "EXT 2008"]
[Source "ChessBase"]
[SourceDate "2007.11.25"]
[SourceVersion "1"]
[SourceVersionDate "2007.11.25"]
[SourceQuality "1"]

1. d4 d5 2. c4 c6 3. Nc3 e6 4. Nf3 Nf6 5. Bg5 Be7 6. e3 Nbd7 7. Bd3 Nf8 8. Qc2 N6d7 9. h4 Bxg5 10. hxg5 g6 11. Qd2 f6 12. e4 dxc4 13. Bxc4 b5 14. Bd3 a6 15. gxf6 Qxf6 16. e5 Qg7 17. Ne4 Nb6 18. Rc1 Bd7 19. Nfg5 h6 20. Nd6+ Ke7 21. Ngf7 Nc8 22. Nxh8 Nxd6 23. exd6+ Kxd6 24. Qf4+ Ke7 25. Rxh6 g5 26. Ng6+ Ke8 27. Qxf8+ Qxf8 1-0

[Event "Kalamazoo op1"]
[Site "Kalamazoo"]
[Date "2003.09.01"]
[Round "7.15"]
[White "Brown, Ralph"]
[Black "Hershberger, Kent"]
[Result "0-1"]
[WhiteElo "1675"]
[BlackElo "1491"]
[PlyCount "106"]
[EventDate "2003.08.29"]
[EventType "swiss"]
[EventRounds "7"]
[EventCountry "USA"]
[SourceTitle "EXT 2007"]
[Source "ChessBase"]
[SourceDate "2006.11.23"]
[SourceVersion "1"]
[SourceVersionDate "2006.11.23"]
[SourceQuality "1"]

1. d4 Nf6 2. Bg5 e6 3. a3 Be7 4. Nc3 d5 5. Nf3 0-0 6. Bf4 Bd7 7. Ne5 c5 8. e3 cxd4 9. exd4 Nc6 10. Bd3 Kh8 11. g4 Rc8 12. g5 Ne8 13. Qh5 g6 14. Bxg6 fxg6 15. Nxg6+ Kg8 16. Nxf8 Bxf8 17. g6 hxg6 18. Rg1 Ng7 19. Qxg6 Nxd4 20. Be5 Nf3+ 21. Ke2 Nxg1+ 22. Rxg1 Qe8 23. Qh6 Qf7 24. h4 Be8 25. f3 Bc6 26. Rg4 Be8 27. h5 a6 28. Rf4 Qe7 29. Rg4 Rc4 30. f4 Qf7 31. Bf6 Rc7 32. Rg6 Qd7 33. Rg3 d4 34. Ne4 Qb5+ 35. Kf3 Bxh5+ 36. Kg2 Rxc2+ 37. Nf2 Qd5+ 38. Kh3 Rc7 39. Be5 Rd7 40. Qxh5 d3 41. Qg6 d2 42. Ne4 Rf7 43. Bxg7 Bxg7 44. Nf6+ Kf8 45. Nxd5 d1Q 46. Qxe6 Qf1+ 47. Kh2 Qf2+ 48. Rg2 Qh4+ 49. Kg1 Bd4+ 50. Kf1 Qh1+ 51. Ke2 Qxg2+ 52. Kd3 Bxb2 53. Ne3 Qc6 0-1

[Event "Kalamazoo op1"]
[Site "Kalamazoo"]
[Date "2003.08.31"]
[Round "4.6"]
[White "Brown, Ralph"]
[Black "Holden, Anthony"]
[Result "1-0"]
[WhiteElo "1675"]
[BlackElo "1430"]
[PlyCount "127"]
[EventDate "2003.08.29"]
[EventType "swiss"]
[EventRounds "7"]
[EventCountry "USA"]
[SourceTitle "EXT 2007"]
[Source "ChessBase"]
[SourceDate "2006.11.23"]
[SourceVersion "1"]
[SourceVersionDate "2006.11.23"]
[SourceQuality "1"]

1. d4 d5 2. c4 e5 3. dxe5 Bb4+ 4. Bd2 Qe7 5. cxd5 Bxd2+ 6. Qxd2 Qxe5 7. Nc3 Nf6 8. Nf3 Qe7 9. Rd1 0-0 10. e3 Bg4 11. Be2 a6 12. d6 cxd6 13. Qxd6 Qe8 14. h3 Bf5 15. g4 Be6 16. g5 Nfd7 17. Nd4 Kh8 18. h4 Ra7 19. f4 Nc6 20. Nxe6 Qxe6 21. Qxd7 Qxe3 22. Rd3 Qc1+ 23. Nd1 Qxf4 24. Qd6 Qb4+ 25. Qxb4 Nxb4 26. Rd7 Nxa2 27. 0-0 Nc1 28. Bc4 Raa8 29. Rxb7 f5 30. Nf2 Rad8 31. Rxc1 Rd4 32. Bxa6 Rxh4 33. Rf7 Kg8 34. Rd7 Rh5 35. Bc4+ Kh8 36. Rcd1 Rxg5+ 37. Kf1 Rg6 38. Rf7 Rb8 39. Rxf5 Rc6 40. b3 Rc7 41. Ng4 g6 42. Rf7 Rxf7+ 43. Bxf7 Rf8 44. Rd7 h5 45. Ne5 Kg7 46. Kg2 h4 47. Bxg6+ Kf6 48. Rf7+ Rxf7 49. Bxf7 Kxe5 50. b4 Kf6 51. b5 Ke7 52. Kh3 Kd7 53. Kxh4 Kc7 54. Kg4 Kd6 55. Kf5 Kc5 56. Bc4 Kd6 57. Ke4 Kc5 58. Ke5 Kb6 59. Kd6 Kb7 60. Kc5 Kc7 61. Bd5 Kc8 62. b6 Kd7 63. Be6+ Kd8 64. Kc6 1-0